| 000 | 00982nam2a2200205 4500 | ||
|---|---|---|---|
| 001 | RU\NLR\PER_A\002581694_001160 | ||
| 005 | 20250624031654.0 | ||
| 035 | _a(NLR Aleph) 012422560 | ||
| 090 |
_a11834594 _c11834594 |
||
| 100 | _a20201217d2020 |||y0rusy50 ca | ||
| 101 | 0 | _arus | |
| 102 | _aRU | ||
| 200 | 0 | _aТ. 18, вып. 3 | |
| 210 |
_d2020 _aБ. м. |
||
| 461 | 0 |
_1001RU\NLR\INFOCOMM19\1000081161 _12001#$aОбзоры по клинической фармакологии и лекарственной терапии$eРецензируемый науч.-практ. журн.$eЕжекв. изд.$vТ. 18, вып. 3 _93281389 _cСПб. _d2002 - _nИзд-во Н-Л _oРецензируемый науч.-практ. журн. : Ежекв. изд. _tОбзоры по клинической фармакологии и лекарственной терапии _x1683-4100 _vТ. 18, вып. 3 |
|
| 852 |
_aNLR _jП17/877 |
||
| 942 | _cISSUE | ||
| 980 | _aNB | ||
| 980 | _aRUSPER | ||